ARRUPE JESUIT UNIVERSITY

CORONAVIRUS -STOP THE SPREAD - CLEAN,DISINFECT,COVER

Wisdom for the journey : (Record no. 118415)

MARC details
000 -LEADER
fixed length control field 01102cam a22002894a 4500
001 - CONTROL NUMBER
control field 11847996
003 - CONTROL NUMBER IDENTIFIER
control field ARRUPE
005 - DATE AND TIME OF LATEST TRANSACTION
control field 20131023141124.0
008 - FIXED-LENGTH DATA ELEMENTS--GENERAL INFORMATION
fixed length control field 991122s2001 nyu b 000 0deng
010 ## - LIBRARY OF CONGRESS CONTROL NUMBER
LC control number 99059478
020 ## - INTERNATIONAL STANDARD BOOK NUMBER
International Standard Book Number 081890836X
040 ## - CATALOGING SOURCE
Original cataloging agency DLC
Transcribing agency DLC
Modifying agency DLC
042 ## - AUTHENTICATION CODE
Authentication code pcc
050 00 - LIBRARY OF CONGRESS CALL NUMBER
Classification number BX581
Item number .B65 2001
082 00 - DEWEY DECIMAL CLASSIFICATION NUMBER
Classification number 248.4/819
Edition number 21
300 ## - PHYSICAL DESCRIPTION
Dimensions 21 cm.
100 1# - MAIN ENTRY--PERSONAL NAME
Personal name Bolshakoff, Serge.
9 (RLIN) 2803
245 10 - TITLE STATEMENT
Title Wisdom for the journey :
Remainder of title conversations with spiritual fathers of the Christian East /
Statement of responsibility, etc Serge Bolshakoff ; epilogue by M. Basil Pennington OCSO.
260 ## - PUBLICATION, DISTRIBUTION, ETC. (IMPRINT)
Place of publication, distribution, etc New York :
Name of publisher, distributor, etc Alba House,
Date of publication, distribution, etc 2001.
300 ## - PHYSICAL DESCRIPTION
Extent xiv, 208 p. ;
504 ## - BIBLIOGRAPHY, ETC. NOTE
Bibliography, etc Includes bibliographical (p. 207-208) references.
600 10 - SUBJECT ADDED ENTRY--PERSONAL NAME
Personal name Bolshakoff, Serge.
9 (RLIN) 2804
650 #0 - SUBJECT ADDED ENTRY--TOPICAL TERM
Topical term or geographic name as entry element Monastic and religious life.
9 (RLIN) 2805
650 #0 - SUBJECT ADDED ENTRY--TOPICAL TERM
Topical term or geographic name as entry element Spirituality
General subdivision Orthodox Eastern Church.
9 (RLIN) 2806
906 ## - LOCAL DATA ELEMENT F, LDF (RLIN)
a 7
b cbc
c orignew
d 1
e ocip
f 19
g y-gencatlg
942 ## - ADDED ENTRY ELEMENTS (KOHA)
Source of classification or shelving scheme Library of Congress Classification
Koha item type Monograph ( Printed materials)
Holdings
Withdrawn status Lost status Source of classification or shelving scheme Damaged status Not for loan Home library Current library Date acquired Total Checkouts Full call number Barcode Date last seen Price effective from Koha item type
    Library of Congress Classification     ARRUPE LIBRARY ARRUPE LIBRARY 23/10/2013   BX581 .B65 2000 46411516 22/11/2017 23/10/2013 Monograph ( Printed materials)

 

Arrupe Library. PO Box MP320 Mt Pleasant, Harare, Zimbabwe
263 242 745411|librarian@aju.ac.zw